| 000 | 00461nam a2200193Ia 4500 | ||
|---|---|---|---|
| 005 | 20240823013749.0 | ||
| 008 | 240823s9999||||xx |||||||||||||| ||und|| | ||
| 020 | _a0-19-508371-7 | ||
| 041 | _aENGLISH | ||
| 082 | _A621.381514 P4 | ||
| 100 | _a"Fowler,Him R" | ||
| 245 | 0 | _aElectronic Instrument Design | |
| 250 | _a1st | ||
| 260 |
_c2004 _b"Oxford,New" |
||
| 500 | _aTRANSFERED | ||
| 650 |
_ainstruments _bElectronics |
||
| 942 | _cBK | ||
| 999 |
_c168162 _d168162 |
||